Statistics for Nations and Their Niches

Click here to take the quiz!

General Stats

  • This quiz has been taken 6 times
  • The average score is 26 of 107

Answer Stats

HintAnswer% Correct
ListedDoughnutsCanada
80%
ListedHackersChina
60%
ListedCashless PaymentsBelgium
40%
ListedBrazil NutsBolivia
40%
ListedDiamondsBotswana
40%
ListedCopperChile
40%
ListedHappinessColombia
40%
ListedWellbeingCosta Rica
40%
ListedDoctorsCuba
40%
ListedBiodiversityEcuador
40%
ListedUnderweight ChildrenEthiopia
40%
ListedCheese EatersGreece
40%
ListedMurderHonduras
40%
ListedBananasIndia
40%
ListedHaute CuisineJapan
40%
ListedBest RetirementPanama
40%
ListedDiversityPapua New Guinea
40%
ListedCocainePeru
40%
ListedOpiumAfghanistan
20%
ListedChild MortalityAngola
20%
ListedHorse MeatArgentina
20%
ListedCyber Security IncidentsAustralia
20%
ListedPaid Time OffAustria
20%
ListedAlcohol DrinkersBelarus
20%
ListedSugarBrazil
20%
ListedMaternity LeaveBulgaria
20%
ListedHealthiest DietsChad
20%
ListedKidney TransplantsCroatia
20%
ListedLibrariesCzech Republic
20%
ListedCobaltDemocratic Republic of the Congo
20%
ListedWind PowerDenmark
20%
ListedHeavy WomenEgypt
20%
ListedLeast PoliceEl Salvador
20%
ListedChild LabourEritrea
20%
ListedStart-upsEstonia
20%
ListedHIVEswatini
20%
ListedMahoganyFiji
20%
ListedNews MediaFinland
20%
ListedWhiskey DrinkersFrance
20%
ListedSun-tailed MonkeysGabon
20%
ListedHomophobesGeorgia
20%
ListedBest PassportGermany
20%
ListedCardamonGuatemala
20%
ListedPornstarsHungary
20%
ListedElectricity UseIceland
20%
ListedCoconutsIndonesia
20%
ListedCaviarIran
20%
ListedOil WealthIraq
20%
ListedWorking ConditionsIreland
20%
ListedMedical ResearchIsrael
20%
ListedKiwi FruitsItaly
20%
ListedCashewsIvory Coast
20%
ListedRefugeesJordan
20%
ListedUraniumKazakhstan
20%
ListedBlack TeaKenya
20%
ListedWalnut ForestsKyrgyzstan
20%
ListedWomenLatvia
20%
ListedLowest Public DebtLiberia
20%
ListedFat KidsLibya
20%
ListedFastest Wi-FiLithuania
20%
ListedVanillaMadagascar
20%
ListedRubber GlovesMalaysia
20%
ListedLemonsMexico
20%
ListedVelociraptorsMongolia
20%
ListedArgan OilMorocco
20%
ListedGraphiteMozambique
20%
ListedCar CrashesNamibia
20%
ListedCoffee DrinkersNetherlands
20%
ListedChinook SalmonNew Zealand
20%
ListedChild BridesNiger
20%
ListedScrabble PlayersNigeria
20%
ListedSoldiersNorth Korea
20%
ListedPizza EatersNorway
20%
ListedGay PornPakistan
20%
ListedPositivityParaguay
20%
ListedSocial NetworkingPhilippines
20%
ListedCurrantsPoland
20%
ListedCorkPortugal
20%
ListedDashcamsRussia
20%
ListedWomen In ParliamentRwanda
20%
ListedArms ImportsSaudi Arabia
20%
ListedMaternal MortalitySierra Leone
20%
ListedHealthiest PeopleSingapore
20%
ListedCarsSlovakia
20%
ListedFemale Genital MutilationSomalia
20%
ListedPlatniumSouth Africa
20%
ListedICTSouth Korea
20%
ListedOil DependencySouth Sudan
20%
ListedLGBT ToleranceSpain
20%
ListedGum ArabicSudan
20%
ListedForestsSuriname
20%
ListedPop MusicSweden
20%
ListedInnovationSwitzerland
20%
ListedPatentsTaiwan
20%
ListedFemale WorkersTanzania
20%
ListedRiceThailand
20%
ListedTwitter CensorshipTurkey
20%
ListedEntrepeneursUganda
20%
ListedMenUnited Arab Emirates
20%
ListedBillionaresUnited Kingdom
20%
ListedSpam EmailsUnited States of America
20%
ListedFarmlandUruguay
20%
ListedCheapest PetrolVenezuela
20%
ListedPepperVietnam
20%
ListedGender InequalityYemen
20%
ListedFemale EntrepeneursZambia
20%
ListedLanguagesZimbabwe
20%

Score Distribution

Percentile by Number Answered

Percent of People with Each Score

Your Score History

You have not taken this quiz